000 04868nam a22003137a 4500
005 20111011105111.0
010 _aB-444230-34
020 _c75.00
_a9788184791709
035 _aB-444230-34
037 _bबल्यूबैरी बुक्स
082 _a
100 _a
_937982
245 _aफूल खिलाने वाला बुड्ढा व अन्य जापानी लोक कथाएँ /
_cहेमा पाण्डे द्वारा पुनर्कथित तथा अनुदित ; काइको त्सुजी द्वारा चित्रांकित
246 _a
_b
260 _aनई दिल्ली
_bप्रथम बुक्स
_c2010
270 _aबी-3/4, प्रथम तल, सफदरज़ंग एन्क्लेव
_bनई दिल्ली
_e110 029
_k011-65684113
_l
_mwww.prathambooks.org
300 _a56पृ.;
_c23सेमी (अजिल्द)
_bसचित्र
490 _a
_937983
500 _a
700 _aपाण्डे, हेमा के. विजया
_932269
700 _aकाइको त्सुजी
_935429
942 _2ddc
_cCH
_mफूलखि
_h
999 _c57499
_d57499